1467 1412 1587 1742 1917 1320 1288 1999 1752 1207 1286 1570 1228 1628 1488 1219 1163 1060 1237 1556 1436 1375 1714 1518 1062 1045 1909 1537 1237 1032 1628 1680 1884 1541 1543 1275 1974 1703 1023 1153 1946 1435 1815 1992 1137 1777 1276 1556 1196 1280 1193 1718 1205 1855 1641 1315 1206 1440 1723 1072 1454 1625 1304 1890 1277 1239 1726 1638 1376 1161 1500 1603 1227 1727 1474 1809 1648 1659 1614 1452 1720 1363 1647 1377 1493 1040 1015 1699 1687 1193 1225 1089 1436 1825 1297 1942 1969 1462 1305 BCNSPRNW ULIB Ver.6.0+V

เปลี่ยนเป็นภาษาไทย

Change to English
 แสดงรายละเอียดบรรณานุกรม
  กลับหน้าหลัก

Brief Record : Get Marc (ISO 2709) : E-mail record : QR code < ปิดหน้าต่าง
LEADER : 00000nam 2200000uu 4500
001    13399111352
003     ULIB
008    110623s2545||||th 000 0 tha d
020    9746520091
060 04 QU21^bว539ช 2545
100 0  วิชัย เอื้อสิยาพันธ์
245 10 ชีวเคมีทางการแพทย์ =^bMetabolism /^cวิชัย เอื้อสิยาพันธ์
246 31 Metabolism
250    พิมพ์ครั้งที่ 1
260    กรุงเทพฯ :^bบุ๊คเน็ท,^c2545
300    x, 342 หน้า :^bภาพประกอบ ;^c27 ซม.
650  2 Biochemistry
650  2 Metabolism
650  2 Medicine
650  7 เมตะบอลิสม
650  7 ชีวเคมี
945    ^p0^l0^i12905
945    ^p0^l0^i12904
945    ^p0^l0^i12902
945    ^p0^l0^i12903
995    กัณชพร
999 ^a ใช้งานได้ทุกระบบ
รายการนี้ยังไม่มีแท็ก
คุณยังไม่ได้ล็อกอิน คุณสามารถมีกิจกรรมร่วมกับเว็บไซต์ได้ แต่ต้องล็อกอินก่อน ::
  ล็อกอิน

รายการสื่อสารสนเทศ

ลำดับที่ ประเภท เลขเรียก/บาร์โค้ด สถานที่ สถานะ
- ไม่พบข้อมูล -

รายการใกล้เคียง
    หัวเรื่อง [Biochemistry]
    หัวเรื่อง [Metabolism]
    หัวเรื่อง [Medicine]
    หัวเรื่อง [เมตะบอลิสม]
    หัวเรื่อง [ชีวเคมี]

BibComment


ยังไม่เคยถูกคอมเมนท์

คอมเมนท์ทรัพยากรรายการนี้
  คอมเมนท์: ชีวเคมีทางการแพทย..


 Copyright 2026. Bcnsprnw @Library